000 00431 a2200121 4500
001 ART_12433
005 20260410161906.0
008 260409a
245 1 0 _aEstimating stochastic production and cost frontiers when technical and allocative inefficiency are correlated
100 1 _aSchmidt, Peter
700 1 _aLovell, Knox C. A.
773 0 _tJournal of econometrics
_g- Vol. 13, NÂș 1 (may. 1980)
_wREV11720
999 _c26362
_d26362